000 00830nam a2200289Ia 4500
003 OSt
005 20221006144046.0
006 a|||||r|||| 00| 0
007 ta
008 221006b |||||||| |||| 00| 0 eng d
020 _c
_12.50 (each)
024 _a10,759
037 _cTextual
040 _aEASL
_cEASL
_beng
041 _2eng
_aeng
082 _aW691xM93:g, L5-;1
100 _aCHING Yeh
_9650801
245 0 _aInside Mao Tse-Tung thought
_b An analytical blueprint of his actions
260 _aNew York
_bExposition Press
_c1975
300 _a336p.
_ccm.
490 _v CEL
650 _aCEL
700 _a JEN Tso-hsuan
_9650802
700 _a PAN Stephen Ed.
_9650803
942 _hW691xM93:g, L5-;1
_cTEXL
_2CC
999 _c1078845
_d1078845